両端の駅が2路線以上のJRが乗り入れるJR単独駅 - Statistics

General Stats
  • This quiz has been taken 201 times
    123 since last reset
  • The average score is 21 of 59
Answer Stats
都道府県 駅名 % Correct
千葉県 本千葉
51%
東京都 鶯谷
51%
東京都 西大井
51%
青森県 七戸十和田
50%
宮城県 くりこま高原
50%
群馬県 上毛高原
50%
静岡県 新富士
50%
北海道 旭川四条
49%
宮城県 白石蔵王
49%
神奈川県 新川崎
49%
東京都 尾久
48%
東京都 御徒町
47%
神奈川県 新子安
47%
岩手県 水沢江刺
46%
東京都 北府中
46%
佐賀県 嬉野温泉
46%
富山県 黒部宇奈月温泉
45%
静岡県 函南
45%
岐阜県 岐阜羽島
45%
広島県 新尾道
45%
山口県 新岩国
45%
埼玉県 本庄早稲田
42%
千葉県 二俣新町
41%
長野県 上田
41%
愛知県 尾頭橋
41%
広島県 東広島
41%
東京都 国立
40%
東京都 西日暮里
39%
長野県 みどり湖
38%
栃木県 岡本
36%
千葉県 酒々井
36%
神奈川県 鴨宮
36%
兵庫県 新神戸
36%
新潟県 上越妙高
35%
大阪府 塚本
35%
奈良県 平城山
35%
広島県 新白島
34%
神奈川県 武蔵白石
32%
北海道 植苗
28%
岡山県 布原
28%
福井県 新疋田
27%
新潟県 北三条
26%
岡山県 清音
24%
岩手県 村崎野
23%
長野県 川岸
23%
山口県 下関
23%
鳥取県 東山公園
23%
佐賀県 肥前旭
23%
岩手県 似内
22%
宮城県 東仙台
18%
新潟県 八色
17%
長崎県 西諫早
17%
北海道 仁山
16%
三重県 徳和
15%
岡山県 西阿知
15%
佐賀県 鬼塚
15%
福岡県 南小倉
11%
佐賀県 牛津
9%
山口県 岩鼻
8%
No matching quizzes found
Score Distribution
Percent of People with Each Score
Percentile by Number Answered
Your Score History
You have not taken this quiz since the last reset